[Event "1. Bundesliga 2018/2019"]
[Site "St. Veit an der Glan"]
[Date "2018.11.18"]
[Round "4"]
[Board "3"]
[White "Schreiner, Peter"]
[Black "Buhmann, Rainer"]
[Result "1/2-1/2"]
[WhiteElo "2477"]
[BlackElo "2581"]
[PlyCount "71"]
[EventDate "2018.11.15"]
[EventType "team"]
[EventRounds "11"]
[EventCountry "AUT"]
[WhiteTeam "SV Raika Rapid Feffernitz"]
[BlackTeam "SC MPOE Maria Saal"]

1.e4 c6 2.d4 d5 3.Nd2 dxe4 4.Nxe4 Nf6 5.Nxf6+ exf6 6.c3 Bd6 7.Bd3 O-O 8.Ne2 Re8 9.Qc2
h5 10.O-O h4 11.h3 Nd7 12.Be3 Nf8 13.Rad1 Bc7 14.c4 Qd6 15.Bf4 Qd8 16.Bxc7 Qxc7 17.Rfe1
Bd7 18.d5 cxd5 19.cxd5 Qxc2 20.Bxc2 Ng6 21.Nc3 Rxe1+ 22.Rxe1 Kf8 23.Rd1 Nf4 24.Ba4
Bxa4 25.Nxa4 Ke7 26.Nc3 f5 27.Rd4 g5 28.Kh2 Rd8 29.g3 Ng6 30.Kg2 Kf6 31.Ra4 a6 32.Rb4
Rd7 33.f4 hxg3 34.fxg5+ Kxg5 35.Kxg3 f4+ 36.Kf2 1/2-1/2

[Event "1. Bundesliga 2018/2019"]
[Site "St. Veit an der Glan"]
[Date "2018.11.18"]
[Round "4"]
[Board "4"]
[White "Kreisl, Robert"]
[Black "Diermair, Andreas"]
[Result "1/2-1/2"]
[WhiteElo "2397"]
[BlackElo "2482"]
[PlyCount "52"]
[EventDate "2018.11.15"]
[EventType "team"]
[EventRounds "11"]
[EventCountry "AUT"]
[WhiteTeam "SC MPOE Maria Saal"]
[BlackTeam "SV Raika Rapid Feffernitz"]

1.d4 d5 2.c4 e6 3.Nf3 Nf6 4.g3 Bb4+ 5.Bd2 Be7 6.Bg2 O-O 7.O-O c6 8.Qc2 Nbd7 9.Rd1
b6 10.Bf4 Bb7 11.Nc3 dxc4 12.Nd2 Nd5 13.Nxc4 Nxf4 14.gxf4 Qc7 15.e3 Rad8 16.Rac1 c5
17.d5 exd5 18.Nxd5 Bxd5 19.Rxd5 b5 20.Ne5 Nxe5 21.Rxe5 Bd6 22.Rd5 Be7 23.Re5 Bd6 24.Rd5
Be7 25.Re5 Bd6 26.Rd5 Be7 1/2-1/2

[Event "1. Bundesliga 2018/2019"]
[Site "St. Veit an der Glan"]
[Date "2018.11.18"]
[Round "4"]
[Board "5"]
[White "Sebenik, Matej"]
[Black "Naumann, Alexander"]
[Result "1/2-1/2"]
[WhiteElo "2517"]
[BlackElo "2541"]
[PlyCount "103"]
[EventDate "2018.11.15"]
[EventType "team"]
[EventRounds "11"]
[EventCountry "AUT"]
[WhiteTeam "SV Raika Rapid Feffernitz"]
[BlackTeam "SC MPOE Maria Saal"]

1.d4 Nf6 2.Nf3 g6 3.Bg5 Bg7 4.Nbd2 d5 5.e3 O-O 6.c3 b6 7.Bd3 Bb7 8.O-O Ne4 9.Bh4 Nd7
10.Qe2 Qe8 11.Rfd1 e5 12.dxe5 Nxd2 13.Rxd2 Nxe5 14.Nxe5 Qxe5 15.Bg3 Qe7 16.Ba6 Bxa6
17.Qxa6 c6 18.Rad1 Rfd8 19.Qa4 Qe6 20.h3 b5 21.Qa6 Qc8 22.Qxc8 Rdxc8 23.a4 a6 24.Ra1
Re8 25.Bd6 Bf8 26.Bxf8 Kxf8 27.b4 Rac8 28.axb5 axb5 29.Ra7 Re7 30.Rda2 Rec7 31.g4
Ke7 32.Kf1 Kd6 33.Ke2 g5 34.Kd3 Ke5 35.Rxc7 Rxc7 36.Ra8 Re7 37.Rg8 f6 38.Rc8 Kd6 39.Rf8
Ke5 40.f4+ gxf4 41.exf4+ Kxf4 42.Rxf6+ Kg3 43.Rh6 Rf7 44.g5 Rg7 45.h4 Kg4 46.Kd4 Re7
47.g6 Re4+ 48.Kd3 hxg6 49.Rxg6+ Kf5 50.h5 Rc4 51.Rh6 Kg5 52.Rh8 1/2-1/2

[Event "1. Bundesliga 2018/2019"]
[Site "St. Veit an der Glan"]
[Date "2018.11.18"]
[Round "4"]
[Board "6"]
[White "Halvax, Georg"]
[Black "Kavcic, Zan"]
[Result "1-0"]
[WhiteElo "2405"]
[BlackElo "2379"]
[PlyCount "75"]
[EventDate "2018.11.15"]
[EventType "team"]
[EventRounds "11"]
[EventCountry "AUT"]
[WhiteTeam "SC MPOE Maria Saal"]
[BlackTeam "SV Raika Rapid Feffernitz"]

1.d4 Nf6 2.Nf3 g6 3.c4 Bg7 4.Nc3 d5 5.h4 O-O 6.cxd5 Nxd5 7.h5 c5 8.hxg6 hxg6 9.Bh6
Nxc3 10.bxc3 Bxh6 11.Rxh6 Kg7 12.Qd2 cxd4 13.Rh4 Rh8 14.Rxh8 Qxh8 15.cxd4 Nd7 16.Qa5
Nf6 17.Qc7 Qe8 18.e3 Qd7 19.Rc1 b6 20.Qe5 Qd6 21.Qxd6 exd6 22.Ng5 Bd7 23.Ba6 Ne8 24.Kd2
f6 25.Ne4 Be6 26.Bb5 Bd5 27.Bxe8 Bxe4 28.Bc6 Bxc6 29.Rxc6 Kf7 30.Rxd6 Ke7 31.Rc6 b5
32.Ra6 g5 33.Kd3 b4 34.e4 Kf7 35.g4 Ke7 36.Kc4 Rc8+ 37.Kxb4 Rc2 38.Rxa7+ 1-0

[Event "1. Bundesliga 2018/2019"]
[Site "St. Veit an der Glan"]
[Date "2018.11.18"]
[Round "4"]
[Board "1"]
[White "Lizak, Peter"]
[Black "Menezes, Christoph"]
[Result "1-0"]
[WhiteElo "2472"]
[BlackElo "2399"]
[PlyCount "47"]
[EventDate "2018.11.15"]
[EventType "team"]
[EventRounds "11"]
[EventCountry "AUT"]
[WhiteTeam "Data Technology Pressbaum"]
[BlackTeam "UNION Ansfelden"]

1.d4 Nf6 2.Nf3 d5 3.Bf4 c5 4.e3 Nc6 5.Nbd2 cxd4 6.exd4 Bf5 7.Bb5 Qb6 8.c4 dxc4 9.a4
Nd5 10.Nxc4 Qd8 11.Bg3 e6 12.O-O Be7 13.Nfe5 Ndb4 14.Ne3 Bg6 15.d5 exd5 16.Nxd5 Bc2
17.Nxb4 Bxd1 18.Nbxc6 bxc6 19.Nxc6 Qb6 20.Nb8+ Qxb5 21.axb5 Be2 22.Rfe1 Bxb5 23.Bd6
O-O 24.Rxe7 1-0

[Event "1. Bundesliga 2018/2019"]
[Site "St. Veit an der Glan"]
[Date "2018.11.18"]
[Round "4"]
[Board "2"]
[White "Weiss, Christian"]
[Black "Videki, Sandor"]
[Result "1/2-1/2"]
[WhiteElo "2373"]
[BlackElo "2380"]
[PlyCount "70"]
[EventDate "2018.11.15"]
[EventType "team"]
[EventRounds "11"]
[EventCountry "AUT"]
[WhiteTeam "UNION Ansfelden"]
[BlackTeam "Data Technology Pressbaum"]

1.d4 d5 2.Nf3 Nf6 3.c4 c6 4.Qc2 g6 5.e3 Bf5 6.Bd3 Bxd3 7.Qxd3 Bg7 8.O-O O-O 9.Nc3
Nbd7 10.Rd1 a6 11.b3 Re8 12.Bb2 e6 13.h3 Qc7 14.Rac1 Rad8 15.Qc2 Qb8 16.Nd2 Bh6 17.Nf3
Rc8 18.Qe2 Bg7 19.Nd2 Rcd8 20.Rc2 e5 21.dxe5 Nxe5 22.cxd5 Nxd5 23.Nxd5 Rxd5 24.Bxe5
Bxe5 25.Nf3 Red8 26.Rcd2 Rxd2 27.Rxd2 Rxd2 28.Qxd2 Qd6 29.Qc2 Bf6 30.g3 b5 31.Nd2
Be7 32.h4 h5 33.Kf1 c5 34.Ke2 Qd5 35.Qd3 Qe6 1/2-1/2

[Event "1. Bundesliga 2018/2019"]
[Site "St. Veit an der Glan"]
[Date "2018.11.18"]
[Round "4"]
[Board "3"]
[White "Hechl, Gerald"]
[Black "Felsberger, Alfred"]
[Result "1/2-1/2"]
[WhiteElo "2356"]
[BlackElo "2345"]
[PlyCount "40"]
[EventDate "2018.11.15"]
[EventType "team"]
[EventRounds "11"]
[EventCountry "AUT"]
[WhiteTeam "Data Technology Pressbaum"]
[BlackTeam "UNION Ansfelden"]

1.e4 c5 2.Nf3 e6 3.g3 Nc6 4.Bg2 Nf6 5.Qe2 d6 6.O-O Be7 7.c3 O-O 8.d4 cxd4 9.cxd4 d5
10.e5 Ne4 11.Nbd2 Nxd2 12.Bxd2 Bd7 13.Rfc1 Rc8 14.h4 Qb6 15.Bc3 a6 16.Qe3 Na5 17.Qe1
Nc6 18.Qe3 Na5 19.Qe1 Nc6 20.Qe3 Na5 1/2-1/2

[Event "1. Bundesliga 2018/2019"]
[Site "St. Veit an der Glan"]
[Date "2018.11.18"]
[Round "4"]
[Board "4"]
[White "Mostbauer, Florian"]
[Black "Ganaus, Hannes"]
[Result "1/2-1/2"]
[WhiteElo "2345"]
[BlackElo "2242"]
[PlyCount "69"]
[EventDate "2018.11.15"]
[EventType "team"]
[EventRounds "11"]
[EventCountry "AUT"]
[WhiteTeam "UNION Ansfelden"]
[BlackTeam "Data Technology Pressbaum"]

1.d4 d5 2.c4 dxc4 3.Nf3 Nf6 4.e3 e6 5.Bxc4 a6 6.O-O b5 7.Be2 Bb7 8.a3 Nbd7 9.b4 Be7
10.Nbd2 a5 11.bxa5 Rxa5 12.Nb3 Ra7 13.Bxb5 O-O 14.Bd2 c6 15.Be2 Rxa3 16.Rxa3 Bxa3
17.Na5 Ba8 18.Qa4 Bd6 19.Nc4 Nb6 20.Qc2 Nxc4 21.Qxc4 Qb6 22.Ra1 Rc8 23.Bd3 c5 24.dxc5
Qxc5 25.Qa6 Bxf3 26.gxf3 Rd8 27.Rc1 Qg5+ 28.Kf1 g6 29.Ba5 Rf8 30.Rc8 Rxc8 31.Qxc8+
Kg7 32.Bc3 Qc5 33.Bxf6+ Kxf6 34.Qxc5 Bxc5 35.Kg2 1/2-1/2

[Event "1. Bundesliga 2018/2019"]
[Site "St. Veit an der Glan"]
[Date "2018.11.18"]
[Round "4"]
[Board "5"]
[White "Neumeier, Klaus"]
[Black "Moser, Guenter"]
[Result "1/2-1/2"]
[WhiteElo "2315"]
[BlackElo "2306"]
[PlyCount "121"]
[EventDate "2018.11.15"]
[EventType "team"]
[EventRounds "11"]
[EventCountry "AUT"]
[WhiteTeam "Data Technology Pressbaum"]
[BlackTeam "UNION Ansfelden"]

1.Nf3 f5 2.g3 Nf6 3.Bg2 g6 4.O-O Bg7 5.d4 O-O 6.c4 d6 7.Nc3 Nc6 8.d5 Ne5 9.Nxe5 dxe5
10.c5 h6 11.Qb3 Kh8 12.Rd1 g5 13.Bd2 a6 14.Na4 e4 15.Ba5 Qd7 16.d6 b5 17.cxb6 cxd6
18.Rac1 Qb5 19.Rc7 Qxa5 20.b7 Rb8 21.Rxc8 Rfxc8 22.bxc8=Q+ Rxc8 23.Nc3 Qd8 24.Qe6
Qd7 25.Qf7 Rf8 26.Qc4 Qc8 27.Qa4 Qb7 28.Rd2 d5 29.e3 e6 30.Bf1 Ra8 31.Ne2 Nd7 32.Rc2
Rc8 33.Rxc8+ Qxc8 34.Nd4 Nb8 35.Qb4 Bf8 36.Qb6 Bc5 37.Qxe6 Qxe6 38.Nxe6 Bb6 39.a4
Kg8 40.a5 Bxa5 41.Nd4 Kf7 42.Nxf5 h5 43.h3 Kf6 44.g4 Ke5 45.Be2 h4 46.Kf1 Bb4 47.Kg2
Bc5 48.Kf1 d4 49.exd4+ Bxd4 50.b3 Bc5 51.Bc4 a5 52.Bb5 Kd5 53.Ke2 Bb6 54.Ng7 Bd4 55.Bc4+
Kd6 56.Ne6 Bf6 57.Ke3 Ke5 58.Nc5 Bd8 59.Nxe4 Nc6 60.Nc3 Bb6+ 61.Kf3 1/2-1/2

[Event "1. Bundesliga 2018/2019"]
[Site "St. Veit an der Glan"]
[Date "2018.11.18"]
[Round "4"]
[Board "6"]
[White "Knoll, Hermann"]
[Black "Lucaci, Marius"]
[Result "1-0"]
[WhiteElo "2348"]
[BlackElo "2155"]
[PlyCount "125"]
[EventDate "2018.11.15"]
[EventType "team"]
[EventRounds "11"]
[EventCountry "AUT"]
[WhiteTeam "UNION Ansfelden"]
[BlackTeam "Data Technology Pressbaum"]

1.d4 d5 2.Nf3 Nf6 3.c4 c6 4.Nc3 Bf5 5.e3 e6 6.Bd3 Bxd3 7.Qxd3 dxc4 8.Qxc4 b5 9.Qd3
a6 10.a4 b4 11.Ne4 Nxe4 12.Qxe4 Qd5 13.Qc2 c5 14.e4 Qd6 15.O-O cxd4 16.Bf4 Qc5 17.Qd3
Nd7 18.Rfc1 Qb6 19.a5 Qb5 20.Qxb5 axb5 21.Nxd4 Bc5 22.Nb3 Be7 23.Rc7 e5 24.Be3 Bd6
25.Rc6 Be7 26.a6 Nf6 27.f3 Kd7 28.Rac1 Rhc8 29.Rxc8 Rxc8 30.a7 Ra8 31.Na5 Ne8 32.Bb6
Bd6 33.Rd1 Kc8 34.Be3 Bc7 35.Nc6 Kb7 36.Nxb4 Bb6 37.Bxb6 Kxb6 38.Rd7 Rxa7 39.Rxa7
Kxa7 40.Nc6+ Kb6 41.Nxe5 Kc5 42.Nxf7 b4 43.Kf2 Kc4 44.Ne5+ Kd4 45.Nc6+ Kc5 46.Na5
Nd6 47.Ke3 Kb5 48.e5 Nf7 49.e6 Nd6 50.Nb3 Kc4 51.Nd4 Kd5 52.b3 g5 53.e7 Ne8 54.Nc2
Ke6 55.Nxb4 Kxe7 56.Kd4 Kd6 57.Nd3 Nc7 58.b4 h6 59.Ke4 Nd5 60.Kf5 Ne3+ 61.Kg6 Nxg2
62.Kxh6 Nh4 63.Ne1 1-0

[Event "1. Bundesliga 2018/2019"]
[Site "St. Veit an der Glan"]
[Date "2019.01.17"]
[Round "5"]
[Board "1"]
[White "Menezes, Christoph"]
[Black "Mons, Leon"]
[Result "0-1"]
[WhiteElo "2399"]
[BlackElo "2553"]
[PlyCount "90"]
[EventDate "2018.11.15"]
[EventType "team"]
[EventRounds "11"]
[EventCountry "AUT"]
[WhiteTeam "UNION Ansfelden"]
[BlackTeam "SIR Salzburg"]

1.Nf3 d5 2.d4 Nf6 3.c4 e6 4.Nc3 Be7 5.Bf4 O-O 6.e3 c5 7.dxc5 Bxc5 8.Bd3 Nc6 9.O-O
dxc4 10.Bxc4 Qe7 11.Bg5 h6 12.Bh4 b6 13.Qe2 Bb7 14.Ne4 g5 15.Nxc5 Qxc5 16.Bg3 Ne4
17.Rac1 Qe7 18.Bb5 Rac8 19.Rfd1 Rfd8 20.Rxd8+ Qxd8 21.Rd1 Qe7 22.Bxc6 Bxc6 23.Ne5
Be8 24.f3 Nxg3 25.hxg3 Rd8 26.f4 f6 27.Nf3 Rxd1+ 28.Qxd1 Bc6 29.Qc2 Bxf3 30.Qc8+ Kg7
31.gxf3 Qd6 32.Qb7+ Kg6 33.Qe4+ f5 34.Qa4 Kf6 35.Qe8 Kg7 36.Kh2 g4 37.fxg4 fxg4 38.Qa8
Qd2+ 39.Qg2 Qxe3 40.Qc2 Kf6 41.b4 Qd4 42.a3 h5 43.Qe2 Kf5 44.Qc2+ Qe4 45.Qb2 h4  0-1

[Event "1. Bundesliga 2018/2019"]
[Site "St. Veit an der Glan"]
[Date "2019.01.17"]
[Round "5"]
[Board "2"]
[White "Durakovic, Alman"]
[Black "Weiss, Christian"]
[Result "1/2-1/2"]
[WhiteElo "2283"]
[BlackElo "2373"]
[PlyCount "65"]
[EventDate "2018.11.15"]
[EventType "team"]
[EventRounds "11"]
[EventCountry "AUT"]
[WhiteTeam "SIR Salzburg"]
[BlackTeam "UNION Ansfelden"]

1.d4 g6 2.c4 Bg7 3.Nf3 d6 4.g3 Nd7 5.Nc3 e5 6.Bg2 Ne7 7.e4 O-O 8.O-O h6 9.Be3 Kh7
10.Qd2 exd4 11.Bxd4 Ne5 12.b3 N7c6 13.Bxe5 dxe5 14.Qxd8 Nxd8 15.Nb5 Ne6 16.Bh3 Nd4
17.Bxc8 Nxf3+ 18.Kg2 Raxc8 19.Kxf3 a6 20.Nc3 Rfd8 21.Rfd1 Bf8 22.Rxd8 Rxd8 23.Rd1
Rxd1 24.Nxd1 Kg7 25.Ne3 c6 26.Nc2 a5 27.a3 Kf6 28.b4 axb4 29.axb4 b6 30.Ke3 Ke6 31.Kd3
h5 32.h3 Be7 33.Kc3  1/2-1/2

[Event "1. Bundesliga 2018/2019"]
[Site "St. Veit an der Glan"]
[Date "2019.01.17"]
[Round "5"]
[Board "3"]
[White "Felsberger, Alfred"]
[Black "Oberhofer, Cedric"]
[Result "1-0"]
[WhiteElo "2345"]
[BlackElo "2212"]
[PlyCount "77"]
[EventDate "2018.11.15"]
[EventType "team"]
[EventRounds "11"]
[EventCountry "AUT"]
[WhiteTeam "UNION Ansfelden"]
[BlackTeam "SIR Salzburg"]

1.e4 c5 2.Nf3 d6 3.d4 cxd4 4.Nxd4 Nf6 5.Nc3 a6 6.Be2 e6 7.O-O Be7 8.f4 Qc7 9.Kh1 O-O
10.Bf3 Nc6 11.a4 Rd8 12.Nb3 d5 13.e5 Nd7 14.Ne2 Nc5 15.c3 Nxb3 16.Qxb3 Rb8 17.Be3
b5 18.axb5 axb5 19.Rfc1 Bd7 20.Qa2 f6 21.exf6 Bxf6 22.b4 Kh8 23.h3 g6 24.Qd2 Ra8 25.Nd4
Rxa1 26.Rxa1 Nxd4 27.Bxd4 Bxd4 28.Qxd4+ Kg8 29.Ra7 Qd6 30.Bg4 Rf8 31.Qe5 Qxe5 32.fxe5
h5 33.Be2 Rd8 34.Rb7 Be8 35.Bxb5 Bxb5 36.Rxb5 d4 37.cxd4 Rxd4 38.Kg1 Rd2 39.h4  1-0

[Event "1. Bundesliga 2018/2019"]
[Site "St. Veit an der Glan"]
[Date "2019.01.17"]
[Round "5"]
[Board "4"]
[White "Leeb, Simon"]
[Black "Mostbauer, Florian"]
[Result "0-1"]
[WhiteElo "2178"]
[BlackElo "2345"]
[PlyCount "64"]
[EventDate "2018.11.15"]
[EventType "team"]
[EventRounds "11"]
[EventCountry "AUT"]
[WhiteTeam "SIR Salzburg"]
[BlackTeam "UNION Ansfelden"]

1.d4 d5 2.c4 c6 3.Nc3 Nf6 4.e3 g6 5.Nf3 Bg7 6.b3 O-O 7.Bb2 Bf5 8.h3 Ne4 9.Nxe4 Bxe4
10.Nd2 c5 11.f3 cxd4 12.fxe4 dxe3 13.Bxg7 exd2+ 14.Qxd2 Kxg7 15.exd5 e6 16.Qc3+ Kg8
17.O-O-O exd5 18.Rxd5 Qe7 19.Bd3 Re8 20.h4 Nc6 21.h5 Nb4 22.Kb1 Nxd5 23.cxd5 Rac8
24.Bc4 Qe4+ 25.Ka1 Qe5 26.Qxe5 Rxe5 27.hxg6 hxg6 28.Rf1 Rf5 29.Re1 Kf8 30.a4 Rf2 31.g3
a6 32.Rh1 Ke7  0-1

[Event "1. Bundesliga 2018/2019"]
[Site "St. Veit an der Glan"]
[Date "2019.01.17"]
[Round "5"]
[Board "5"]
[White "Moser, Guenter"]
[Black "Pflug, Mathias"]
[Result "1/2-1/2"]
[WhiteElo "2306"]
[BlackElo "2267"]
[PlyCount "59"]
[EventDate "2018.11.15"]
[EventType "team"]
[EventRounds "11"]
[EventCountry "AUT"]
[WhiteTeam "UNION Ansfelden"]
[BlackTeam "SIR Salzburg"]

1.Nf3 g6 2.e4 Bg7 3.c4 d6 4.Be2 Nf6 5.Nc3 O-O 6.O-O e5 7.b4 Nc6 8.Rb1 Nd4 9.d3 Nxe2+
10.Nxe2 Nh5 11.Ne1 c6 12.b5 Be6 13.bxc6 bxc6 14.Qa4 Qc7 15.Bd2 Rfb8 16.Nc2 Rxb1 17.Rxb1
Rb8 18.Rxb8+ Qxb8 19.Qb3 Qc7 20.Nb4 f5 21.exf5 Bxf5 22.h3 Nf6 23.Be3 Qb7 24.Ng3 Be6
25.Nd5 Qxb3 26.Nxf6+ Bxf6 27.axb3 a6 28.Ne4 Be7 29.Bb6 d5 30.Nc5  1/2-1/2

[Event "1. Bundesliga 2018/2019"]
[Site "St. Veit an der Glan"]
[Date "2019.01.17"]
[Round "5"]
[Board "6"]
[White "Rosner, Gerhard"]
[Black "Knoll, Hermann"]
[Result "0-1"]
[WhiteElo "2042"]
[BlackElo "2348"]
[PlyCount "68"]
[EventDate "2018.11.15"]
[EventType "team"]
[EventRounds "11"]
[EventCountry "AUT"]
[WhiteTeam "SIR Salzburg"]
[BlackTeam "UNION Ansfelden"]

1.d4 Nf6 2.Nf3 d6 3.c4 g6 4.Nc3 Bg7 5.e4 O-O 6.Be2 e5 7.d5 a5 8.Bg5 h6 9.Bh4 Na6 10.Qc2
Qe8 11.Nd2 Nh7 12.f3 f5 13.b3 Nf6 14.a3 Nh5 15.Rb1 Nf4 16.O-O g5 17.Bf2 g4 18.exf5
Bxf5 19.Nde4 Qg6 20.Bg3 Nc5 21.b4 axb4 22.axb4 Nxe2+ 23.Qxe2 gxf3 24.gxf3 Nxe4 25.Nxe4
h5 26.Kh1 Ra3 27.Ra1 Rxf3 28.Nf2 e4 29.Bh4 Bxa1 30.Rxa1 Rxf2 31.Qxf2 Bg4 32.Qg3 Rf3
33.Ra8+ Kh7 34.Qe1 Rf1+  0-1

[Event "1. Bundesliga 2018/2019"]
[Site "St. Veit an der Glan"]
[Date "2019.01.17"]
[Round "5"]
[Board "1"]
[White "Ragger, Markus"]
[Black "Lizak, Peter"]
[Result "1/2-1/2"]
[WhiteElo "2687"]
[BlackElo "2472"]
[PlyCount "59"]
[EventDate "2018.11.15"]
[EventType "team"]
[EventRounds "11"]
[EventCountry "AUT"]
[WhiteTeam "SC MPOE Maria Saal"]
[BlackTeam "Data Technology Pressbaum"]

1.e4 e6 2.d4 d5 3.Nd2 b6 4.Ngf3 Nf6 5.Bd3 Bb7 6.e5 Nfd7 7.Nf1 c5 8.c3 Ba6 9.Bxa6 Nxa6
10.Ng3 Be7 11.O-O Nc7 12.Ne1 O-O 13.Nh5 f5 14.exf6 Nxf6 15.Nd3 Nxh5 16.Qxh5 Bd6 17.a4
c4 18.Ne1 Rf5 19.Qe2 Qf6 20.g4 Qh4 21.f4 Rf7 22.Ng2 Qh3 23.Qf3 Qxf3 24.Rxf3 g5 25.Bd2
Raf8 26.Raf1 gxf4 27.Nxf4 e5 28.dxe5 Bxe5 29.Kg2 Bxf4 30.Bxf4  1/2-1/2

[Event "1. Bundesliga 2018/2019"]
[Site "St. Veit an der Glan"]
[Date "2019.01.17"]
[Round "5"]
[Board "2"]
[White "Videki, Sandor"]
[Black "Predojevic, Borki"]
[Result "0-1"]
[WhiteElo "2380"]
[BlackElo "2621"]
[PlyCount "113"]
[EventDate "2018.11.15"]
[EventType "team"]
[EventRounds "11"]
[EventCountry "AUT"]
[WhiteTeam "Data Technology Pressbaum"]
[BlackTeam "SC MPOE Maria Saal"]

1.e4 e5 2.Nf3 Nc6 3.Bb5 g6 4.c3 a6 5.Bxc6 dxc6 6.d4 exd4 7.cxd4 Bg7 8.Nc3 Ne7 9.h3
h6 10.Bf4 g5 11.Be5 Bxe5 12.Nxe5 Be6 13.h4 Ng6 14.Nxg6 fxg6 15.d5 cxd5 16.exd5 Bf5
17.g4 Bd7 18.Qe2+ Qe7 19.hxg5 Bxg4 20.Qxe7+ Kxe7 21.gxh6 Raf8 22.Rh4 Bh5 23.Rc1 Rxh6
24.Ne4 Kd8 25.Nc5 Re8+ 26.Ne6+ Kd7 27.Kd2 Kd6 28.Re1 Rh7 29.Rf4 Ree7 30.Rf6 Rhf7 31.Rxf7
Rxf7 32.Ke3 Kxd5 33.Nf4+ Ke5 34.Nxh5 gxh5 35.Rh1 Rh7 36.Rh4 c5 37.a4 b5 38.axb5 axb5
39.b3 Rh6 40.f4+ Kf5 41.Kd3 Rh8 42.Ke3 Kg6 43.Ke4 Re8+ 44.Kd5 Re3 45.Kxc5 Rxb3 46.Rh1
Rf3 47.Rh4 Rg3 48.Rh1 Rg4 49.f5+ Kg5 50.Rf1 Kf6 51.Kxb5 h4 52.Rf3 Rg5 53.Kc4 Rh5 54.Rf1
h3 55.Kd3 h2 56.Rh1 Ke5 57.Kd4+  0-1

[Event "1. Bundesliga 2018/2019"]
[Site "St. Veit an der Glan"]
[Date "2019.01.17"]
[Round "5"]
[Board "3"]
[White "Buhmann, Rainer"]
[Black "Hechl, Gerald"]
[Result "1/2-1/2"]
[WhiteElo "2581"]
[BlackElo "2356"]
[PlyCount "51"]
[EventDate "2018.11.15"]
[EventType "team"]
[EventRounds "11"]
[EventCountry "AUT"]
[WhiteTeam "SC MPOE Maria Saal"]
[BlackTeam "Data Technology Pressbaum"]

1.d4 e6 2.c4 f5 3.g3 Nf6 4.Bg2 Be7 5.Nf3 O-O 6.O-O d6 7.Nc3 Ne4 8.Nxe4 fxe4 9.Nd2
d5 10.f3 Nc6 11.fxe4 Rxf1+ 12.Nxf1 dxc4 13.Be3 Bd7 14.e5 Be8 15.Rc1 b5 16.Bf2 Rb8
17.Be4 Nb4 18.a3 Bc6 19.Bb1 Na2 20.Qc2 Nxc1 21.Qxh7+ Kf8 22.Qh8+ Kf7 23.Qh5+ Kf8 24.Qh8+
Kf7 25.Qh5+ Kf8 26.Qh8+  1/2-1/2

[Event "1. Bundesliga 2018/2019"]
[Site "St. Veit an der Glan"]
[Date "2019.01.17"]
[Round "5"]
[Board "4"]
[White "Ganaus, Hannes"]
[Black "Kreisl, Robert"]
[Result "0-1"]
[WhiteElo "2242"]
[BlackElo "2397"]
[PlyCount "88"]
[EventDate "2018.11.15"]
[EventType "team"]
[EventRounds "11"]
[EventCountry "AUT"]
[WhiteTeam "Data Technology Pressbaum"]
[BlackTeam "SC MPOE Maria Saal"]

1.d4 Nf6 2.c4 e6 3.Nc3 d5 4.Bg5 Be7 5.e3 h6 6.Bh4 O-O 7.Nf3 Ne4 8.Bxe7 Qxe7 9.Rc1
c6 10.Bd3 Nxc3 11.Rxc3 dxc4 12.Rxc4 Nd7 13.O-O e5 14.Qc2 exd4 15.Rxd4 Nf6 16.Rc1 Bg4
17.Qc5 Qxc5 18.Rxc5 Rfd8 19.Rxd8+ Rxd8 20.Ne1 Rd5 21.Rxd5 Nxd5 22.Bb1 c5 23.f3 Be6
24.Kf2 Kf8 25.Ke2 Ke7 26.Kd2 Kd6 27.Nd3 c4 28.Nf2 b5 29.e4 Nb6 30.a3 a5 31.h4 Kc5
32.Nd1 b4 33.axb4+ axb4 34.Ke3 f6 35.Bc2 Bd7 36.h5 Ba4 37.Bxa4 Nxa4 38.f4 c3 39.bxc3
bxc3 40.Nf2 Kc4 41.g4 Nc5 42.e5 fxe5 43.f5 c2 44.Kd2 Kb3  0-1

[Event "1. Bundesliga 2018/2019"]
[Site "St. Veit an der Glan"]
[Date "2019.01.17"]
[Round "5"]
[Board "5"]
[White "Handler, Lukas"]
[Black "Weissenbeck, Manuel"]
[Result "1-0"]
[WhiteElo "2412"]
[BlackElo "2271"]
[PlyCount "51"]
[EventDate "2018.11.15"]
[EventType "team"]
[EventRounds "11"]
[EventCountry "AUT"]
[WhiteTeam "SC MPOE Maria Saal"]
[BlackTeam "Data Technology Pressbaum"]

1.d4 Nf6 2.c4 e6 3.Nf3 b6 4.g3 Bb7 5.Bg2 Bb4+ 6.Bd2 Qe7 7.O-O Bxd2 8.Nbxd2 O-O 9.Qc2
c5 10.e4 cxd4 11.e5 Ng4 12.h3 Nh6 13.Ng5 Qxg5 14.Bxb7 Nc6 15.Bxa8 Rxa8 16.Nf3 Qh5
17.Kg2 f6 18.exf6 gxf6 19.Qe4 Nf7 20.Rad1 f5 21.Qe2 e5 22.Nxd4 Qh6 23.Nxc6 Qxc6+ 24.Qf3
e4 25.Qxf5 e3+ 26.Rd5  1-0

[Event "1. Bundesliga 2018/2019"]
[Site "St. Veit an der Glan"]
[Date "2019.01.17"]
[Round "5"]
[Board "6"]
[White "Schmidrathner, Christian"]
[Black "Ertl, Johann"]
[Result "1-0"]
[WhiteElo "2088"]
[BlackElo "2255"]
[PlyCount "113"]
[EventDate "2018.11.15"]
[EventType "team"]
[EventRounds "11"]
[EventCountry "AUT"]
[WhiteTeam "Data Technology Pressbaum"]
[BlackTeam "SC MPOE Maria Saal"]

1.e4 e6 2.d4 d5 3.Nc3 Bb4 4.e5 c5 5.a3 Bxc3+ 6.bxc3 Ne7 7.Qg4 Qc7 8.Qxg7 Rg8 9.Qxh7
cxd4 10.Qd3 dxc3 11.Ne2 Nbc6 12.f4 d4 13.Nxd4 Nxd4 14.Qxd4 Bd7 15.Be3 Nf5 16.Qc5 Qc6
17.Qxc6 Bxc6 18.Kf2 O-O-O 19.Re1 Rg7 20.Rg1 Rh8 21.h3 Rg3 22.Bxa7 Rhg8 23.Rd1 Be4
24.Rd3 Bxd3 25.Bxd3 Ne7 26.Be4 Nd5 27.Bxd5 exd5 28.h4 Kd7 29.Be3 Ke6 30.h5 Kf5 31.h6
R3g4 32.Kf3 d4 33.Bc1 R8g6 34.Rh1 Rg3+ 35.Ke2 Rxg2+ 36.Kd3 Rg1 37.Rh5+ Kg4 38.h7 Kxh5
39.h8=Q+ Kg4 40.Qc8+ Kg3 41.f5 Rg4 42.Bh6 Rd1+ 43.Kc4 Rh1 44.Qf8 Re4 45.Qxf7 Kf2 46.Qxb7
Ree1 47.Bg5 Rh5 48.Qe7 Rd1 49.e6 Ke2 50.Qf6 Kf3 51.Qg6 Rh8 52.e7 Rc8+ 53.Kd5 d3 54.Qh5+
Kf2 55.Qxd1 d2 56.Bxd2 cxd2 57.Qxd2+  1-0

[Event "1. Bundesliga 2018/2019"]
[Site "St. Veit an der Glan"]
[Date "2019.01.17"]
[Round "5"]
[Board "1"]
[White "Dragnev, Valentin"]
[Black "Lenic, Luka"]
[Result "1/2-1/2"]
[WhiteElo "2514"]
[BlackElo "2643"]
[PlyCount "54"]
[EventDate "2018.11.15"]
[EventType "team"]
[EventRounds "11"]
[EventCountry "AUT"]
[WhiteTeam "mpimmo Wien - SK Ottakring"]
[BlackTeam "SV Raika Rapid Feffernitz"]

1.d4 Nf6 2.c4 e6 3.Nf3 d5 4.Nc3 c5 5.cxd5 Nxd5 6.g3 cxd4 7.Nxd5 Qxd5 8.Qxd4 Qb5 9.e4
Qb4+ 10.Bd2 Nc6 11.Qxb4 Bxb4 12.Bb5 Bxd2+ 13.Kxd2 Bd7 14.Ke3 Ke7 15.Bxc6 Bxc6 16.Nd4
Rac8 17.Rac1 Bd7 18.Rhd1 e5 19.Nf5+ Bxf5 20.exf5 f6 21.Ke4 a5 22.b3 Rxc1 23.Rxc1 Kd6
24.Rd1+ Kc6 25.Rc1+ Kd6 26.Rd1+ Kc6 27.Rc1+ Kd6  1/2-1/2

[Event "1. Bundesliga 2018/2019"]
[Site "St. Veit an der Glan"]
[Date "2019.01.17"]
[Round "5"]
[Board "2"]
[White "Abasov, Nijat"]
[Black "Banusz, Tamas"]
[Result "1/2-1/2"]
[WhiteElo "2633"]
[BlackElo "2614"]
[PlyCount "60"]
[EventDate "2018.11.15"]
[EventType "team"]
[EventRounds "11"]
[EventCountry "AUT"]
[WhiteTeam "SV Raika Rapid Feffernitz"]
[BlackTeam "mpimmo Wien - SK Ottakring"]

1.d4 d5 2.c4 c6 3.Nf3 Nf6 4.Nc3 dxc4 5.a4 e6 6.e3 c5 7.Bxc4 cxd4 8.exd4 Be7 9.O-O
O-O 10.Ne5 Nc6 11.Be3 Bd7 12.Nxd7 Qxd7 13.d5 exd5 14.Nxd5 Nxd5 15.Qxd5 Qxd5 16.Bxd5
Rfd8 17.Rfd1 Bf6 18.Rab1 Rd7 19.b4 Rad8 20.Bf3 Nd4 21.Bg4 Rd5 22.Kf1 h5 23.Be2 g6
24.Bc4 R5d7 25.a5 Nf5 26.Rxd7 Nxe3+ 27.fxe3 Rxd7 28.Ke2 Be5 29.h3 Kf8 30.Rb3 Ke7  1/2-1/2